Kültürel boyutlarıyla Mustafapaşa : (Record no. 200042805)
[ view plain ]
| 000 -LEADER | |
|---|---|
| fixed length control field | 00637 a2200217 4500 |
| 001 - CONTROL NUMBER | |
| control field | 200042805 |
| 003 - CONTROL NUMBER IDENTIFIER | |
| control field | TR-AnTOB |
| 005 - DATE AND TIME OF LATEST TRANSACTION | |
| control field | 20190322123011.0 |
| 008 - FIXED-LENGTH DATA ELEMENTS--GENERAL INFORMATION | |
| fixed length control field | 111003s2003 tu 000 0 |
| 040 ## - CATALOGING SOURCE | |
| Original cataloging agency | TR-AnTOB |
| Transcribing agency | TR-AnTOB |
| 041 ## - LANGUAGE CODE | |
| Language code of text/sound track or separate title | Türkçe |
| 050 ## - LIBRARY OF CONGRESS CALL NUMBER | |
| Classification number | DS51.M86. |
| Item number | K84 2003 |
| 090 ## - LOCALLY ASSIGNED LC-TYPE CALL NUMBER (OCLC); LOCAL CALL NUMBER (RLIN) | |
| Classification number (OCLC) (R) ; Classification number, CALL (RLIN) (NR) | DS51.M86. K84 2003 |
| 245 #0 - TITLE STATEMENT | |
| Title | Kültürel boyutlarıyla Mustafapaşa : |
| Remainder of title | Sinasos / |
| Statement of responsibility, etc. | haz: İlbars Zafer , Temren Belkıs. |
| 264 #1 - PRODUCTION, PUBLICATION, DISTRIBUTION, MANUFACTURE, AND COPYRIGHT NOTICE | |
| Place of production, publication, distribution, manufacture | Ankara : |
| Name of producer, publisher, distributor, manufacturer | Tüksev, |
| Date of production, publication, distribution, manufacture, or copyright notice | 2003. |
| 300 ## - PHYSICAL DESCRIPTION | |
| Extent | 203p. ; |
| Other physical details | ill.; |
| Dimensions | 23 cm. |
| 651 ## - SUBJECT ADDED ENTRY--GEOGRAPHIC NAME | |
| Geographic name | Mustafapaşa (Turkey) |
| General subdivision | History |
| 9 (RLIN) | 77213 |
| Geographic name | Mustafapaşa (Turkey) |
| General subdivision | Ethnic relations |
| 9 (RLIN) | 77214 |
| 942 ## - ADDED ENTRY ELEMENTS (KOHA) | |
| Koha item type | Book |
| Source of classification or shelving scheme | Library of Congress Classification |
| Withdrawn status | Lost status | Source of classification or shelving scheme | Not for loan | Collection code | Home library | Current library | Shelving location | Date acquired | Source of acquisition | Inventory number | Total Checkouts | Total Holds | Full call number | Barcode | Copy number | Date shelved | Koha item type | Public note |
|---|---|---|---|---|---|---|---|---|---|---|---|---|---|---|---|---|---|---|
| Library of Congress Classification | Ödünç Verilebilir / Available | Genel Koleksiyon | Merkez Kütüphane | Merkez Kütüphane | Genel Koleksiyon / Main Collection | 03/10/2011 | Bağış / Donation | TAR | DS51.M86 K84 2003 | 0037426 | 1 | 03/10/2011 | Book | Donated by Mustafa İsen |
